British Youtubers - Statistics

General Stats
  • This quiz has been taken 409 times
  • The average score is 4 of 9
Answer Stats
Hint Answer % Correct
Baby Sugg Joe Sugg
89%
Tanya's other half Jim Chapman
69%
Who starts a video with 'HELLOOOO' Marcus Butler
69%
Zalfie Zoe and Alfie
59%
Co-hosts a Radio 1 show with AmazingPhil Dan Howell
57%
The Chummy with a baby Louise Watson
45%
Living Tarzan Louis Cole
14%
****,****, the better twin Finn Harries
9%
2010 made the video 'Duet with Myself' Charlie Mcdonnel
4%
No matching quizzes found
Score Distribution
Percent of People with Each Score
Percentile by Number Answered
Your Score History
You have not taken this quiz